=LDR 00000nam 2200000 4500 =001 INLIS000000000029509 =005 20130612131734 =008 ***********************************Ind** =035 ##$$0010-061300000029509 =041 ##$$a Ind =090 ##$$a 2X4.03, Khs k =100 ##$$a Khaliq, Abdur Rahman Abdul =245 ##$$a Kaum salaf dan empat imam, Abdur Rahman abdul Khaliq =260 ##$$a 1992 $b Jakarta =300 ##$$a 53 hlm, 17 cm =650 ##$$a Kaum Salaf =850 ##$$a NBPNMAT